| 000 | 01168nam a22002297a 4500 | ||
|---|---|---|---|
| 005 | 20111115162824.0 | ||
| 008 | 111115s1984 ua|||||| ||| 00| 0ara d | ||
| 020 | _a9770112380 | ||
| 082 |
_222 _a001.543 _bب ا ر |
||
| 100 |
_927759 _aبارنز، هاري المر. |
||
| 245 |
_aتاريخ الكتابة التاريخية / _cتاليف هارى المر بارنز ؛ ترجمة محمد عبد الرحمن برج ؛ مراجعة سعيد عبد الفتاح عاشور. |
||
| 260 |
_aالقاهرة : _bالهيئة المصرية العامة للكتاب، _c1984. |
||
| 300 |
_a267 ص. ؛ _c24 سم. |
||
| 504 | _aيشتمل على ارجاعات ببليوجرافية. | ||
| 650 |
_916098 _aالتاريخ |
||
| 650 |
_927760 _aالتاريخ _xتدوين |
||
| 653 |
_bGeneral _cNovember2011 |
||
| 700 |
_917619 _aبرج ، محمد عبد الرحمن _eترجمة |
||
| 700 |
_916009 _aعاشور ، سعيد عبد الفتاح _eمراجعة |
||
| 942 |
_2ddc _cBB |
||
| 999 |
_c16215 _d16215 |
||